000 00817nam2a22002531 4500
001 RU\NLR\A1SV\122460
005 20251214183428.0
035 _a(NLR Aleph) 010443129
090 _a13291682
_c13291682
100 _a20131031d1926 u y0rusy50 ca
101 0 _arus
200 1 _aПредпосылки революции
210 _d1926
215 _aXXIV, 614 с.
461 1 _1001RU\NLR\A1SV\122459
_12000#$vТ.1
_99898494
_cМ.
_d1926
_fПод ред. М.Н.Покровского
_nГос. изд.
_oИстория революц. движения в отд. очерках
_t1905
_vТ.1
801 0 _aRU
_bNLR
_c20131031
899 _aРНБ
_j43/981-1
899 _aРНБ
_j43/981-1а
899 _aРНБ
_jМф К-1/14558-1
942 _cBOOK
980 _aA1SV
980 _aA1SV
980 _aNB